Vald - Magnificat (paroles) - Statistiques

Statistiques générales
  • Ce quiz a été pris 33 fois
  • Le résultat moyen est 223 sur 366
Statistiques - réponses
Réponse % Correct
ma
100%
La
95%
la
95%
le
95%
Le
95%
a
90%
à
90%
de
90%
Les
90%
les
90%
Magnificat
90%
en
86%
est
86%
fait
86%
on
86%
On
86%
se
86%
un
86%
vie
86%
beau
81%
ça
81%
Ca
81%
comme
81%
il
81%
Je
81%
je
81%
pas
81%
pour
81%
Regarde
81%
une
81%
dans
76%
déjà
76%
dernier
76%
j'ai
76%
J'ai
76%
sont
76%
tout
76%
album
71%
au
71%
déjà
71%
des
71%
et
71%
platine
71%
plus
71%
suis
71%
va
71%
belle
67%
du
67%
même
67%
que
67%
y
67%
C'est
62%
c'est
62%
ciel
62%
comptes
62%
dehors
62%
jamais
62%
qui
62%
remplie
62%
si
62%
Si
62%
toute
62%
fais
57%
jour
57%
l'amour
57%
l'année
57%
part
57%
taupe
57%
bleu
52%
collège
52%
d'amis
52%
Défense
52%
d'une
52%
entouré
52%
mes
52%
mon
52%
ouvert
52%
s'est
52%
ski
52%
soleil
52%
trouvé
52%
verts
52%
commence
48%
longtemps
48%
main
48%
mer
48%
Prochaines
48%
restau'
48%
semaine
48%
sous
48%
vacances
48%
volets
48%
avec
43%
bon
43%
bonne
43%
cacher
43%
chats
43%
dis
43%
frais
43%
J'sais
43%
jsuis
43%
l'crew
43%
sais
43%
santé
43%
tit-pe
43%
Tous
43%
vrai
43%
coquelicots
38%
eux
38%
forme
38%
j'essaye
38%
Jme
38%
j'me
38%
meurtre
38%
pendant
38%
piscine
38%
pop
38%
rénové
38%
sur
38%
tas
38%
t'as
38%
tombe
38%
top
38%
vrais
38%
Y'a
38%
fâchés
33%
faut
33%
fort
33%
frère
33%
Ils
33%
ils
33%
J'regarde
33%
lachés
33%
l'trou
33%
maisons
33%
merco
33%
oiseau
33%
père
33%
projets
33%
rebaissent
33%
Regarder
33%
scintille
33%
toit
33%
toutes
33%
en-ble'
29%
gueule
29%
heureux
29%
impôts
29%
joie
29%
l'horizon
29%
moi-même
29%
m'tendre
29%
notamment
29%
payé
29%
pris
29%
quand
29%
qu'ils
29%
très
29%
vieillir
29%
vu
29%
yes
29%
acheter
24%
au-dessus
24%
bleue
24%
chanson
24%
chez
24%
combien
24%
Damoiseau
24%
d'la
24%
facture
24%
leurs
24%
pelouse
24%
retard
24%
sens
24%
tondue
24%
vase
24%
vont
24%
d'temps
19%
envie
19%
faisait
19%
léger
19%
maintenant
19%
mis
19%
ont
19%
raison
19%
rappelé
19%
bientôt
14%
courrier
14%
d'faire
14%
faites
14%
foison
14%
font
14%
l'horloger
14%
machines
14%
Paul
14%
prod'
14%
recracher
14%
ressortir
14%
Regarde-nous
10%
sors
10%
s'voit
10%
Aucun quiz correspondant
Distribution des résultats
% des personnes avec chaque résultat
Percentile par nombre de réponses
Votre historique - résultats
Vous n’avez pas pris ce quiz